Kuus lähimat riiki - Eesti - Statistics

General Stats
  • This quiz has been taken 36 times
  • The average score is 5 of 6
Answer Stats
km riik % Correct
47 Soome
100%
0 Läti
93%
0 Venemaa
93%
152 Leedu
89%
150 Rootsi
78%
157 Valgevene
44%
No matching quizzes found
Score Distribution
Percent of People with Each Score
Percentile by Number Answered
Your Score History
You have not taken this quiz